[Event "Porlamar Mata Figueroa Memorial"]
[Site "Porlamar"]
[Date "2015.08.28"]
[Round "9"]
[White "Velasquez Guerra, Eduardo Luis"]
[Black "Sequera Paolini, Jose Rafael"]
[Result "0-1"]
[WhiteElo "1984"]
[BlackElo "2415"]
[PlyCount "56"]
[EventDate "2015.08.22"]
[EventType "swiss"]
[EventRounds "9"]
[EventCountry "VEN"]
[SourceTitle "EXT 2018"]
[Source "ChessBase"]
[SourceDate "2017.10.13"]
[SourceVersion "1"]
[SourceVersionDate "2017.10.13"]
[SourceQuality "1"]

1. e4 e6 2. d4 d5 3. Nd2 Nc6 4. Ngf3 Nf6 5. e5 Nd7 6. g3 f6 7. Bh3 fxe5 8. Bxe6 e4 9. Bxd5 exf3 10. Qxf3 Qf6 11. Qg2 Nb6 12. Ne4 Qxd4 13. Bxc6+ bxc6 14. 0-0 Be7 15. Be3 Qd5 16. Rfd1 Qe6 17. Nc5 Qg6 18. Re1 0-0 19. Bd4 Bf6 20. Bxf6 Qxf6 21. Re2 Bg4 22. Re3 Rae8 23. Ne4 Rxe4 24. Qxe4 Qxf2+ 25. Kh1 Bf3+ 26. Rxf3 Qxf3+ 27. Qxf3 Rxf3 28. Kg2 Rf5 0-1

[Event "Porlamar Mata Figueroa Memorial"]
[Site "Porlamar"]
[Date "2015.08.27"]
[Round "8"]
[White "Sarmiento Marin, Chris Namesh"]
[Black "Velasquez Guerra, Eduardo Luis"]
[Result "0-1"]
[WhiteElo "1747"]
[BlackElo "1984"]
[PlyCount "38"]
[EventDate "2015.08.22"]
[EventType "swiss"]
[EventRounds "9"]
[EventCountry "VEN"]
[SourceTitle "EXT 2018"]
[Source "ChessBase"]
[SourceDate "2017.10.13"]
[SourceVersion "1"]
[SourceVersionDate "2017.10.13"]
[SourceQuality "1"]

1. Nf3 d5 2. g3 Nf6 3. Bg2 e6 4. c4 c6 5. b3 Bd6 6. Bb2 Nbd7 7. 0-0 0-0 8. Qc2 b6 9. Nc3 Bb7 10. Rac1 Rc8 11. Rfe1 c5 12. Ng5 h6 13. Nh3 a6 14. d3 Qc7 15. e4 d4 16. Ne2 b5 17. e5 Nxe5 18. Bxb7 Qxb7 19. f4 Nf3+ 0-1

[Event "Porlamar Mata Figueroa Memorial"]
[Site "Porlamar"]
[Date "2015.08.22"]
[Round "2"]
[White "Mora Moron, Jose Ramon"]
[Black "Velasquez Guerra, Eduardo Luis"]
[Result "1/2-1/2"]
[WhiteElo "2178"]
[BlackElo "1984"]
[PlyCount "50"]
[EventDate "2015.08.22"]
[EventType "swiss"]
[EventRounds "9"]
[EventCountry "VEN"]
[SourceTitle "EXT 2018"]
[Source "ChessBase"]
[SourceDate "2017.10.13"]
[SourceVersion "1"]
[SourceVersionDate "2017.10.13"]
[SourceQuality "1"]

1. e4 c5 2. Nf3 d6 3. d4 cxd4 4. Nxd4 Nf6 5. Nc3 a6 6. Bc4 e6 7. Bb3 b5 8. Bg5 Be7 9. Qf3 Qb6 10. 0-0-0 Bb7 11. Qh3 Nbd7 12. Rhe1 Nc5 13. Kb1 Nxb3 14. axb3 0-0 15. f4 Qc7 16. e5 dxe5 17. fxe5 Nd5 18. Nxd5 Bxd5 19. Bxe7 Qxe7 20. Nf5 Qg5 21. Ng3 Rac8 22. Qh5 Qe7 23. Ne4 Qc7 24. Rd2 Bxe4 25. Rxe4 Rfd8 1/2-1/2

[Event "Sala de Conferencias IPASM op 1er"]
[Site "Venezuela"]
[Date "2015.05.17"]
[Round "6.4"]
[White "Avilez Tarazona, Yoiner Raul"]
[Black "Velasquez Guerra, Eduardo Luis"]
[Result "0-1"]
[WhiteElo "1896"]
[BlackElo "1981"]
[PlyCount "49"]
[EventDate "2015.05.14"]
[EventType "swiss"]
[EventRounds "7"]
[EventCountry "VEN"]
[SourceTitle "EXT 2022"]
[Source "ChessBase"]
[SourceDate "2021.10.06"]
[SourceVersion "1"]
[SourceVersionDate "2021.10.06"]
[SourceQuality "1"]

1. e4 c5 2. Ne2 d6 3. d4 cxd4 4. Nxd4 Nf6 5. Nc3 a6 6. Rg1 e5 7. Nb3 Be6 8. g4 Be7 9. g5 Nfd7 10. Be3 0-0 11. h4 b5 12. h5 Nb6 13. g6 Nc4 14. Bxc4 bxc4 15. gxh7+ Kxh7 16. Nd2 Nd7 17. h6 g6 18. Qe2 Rb8 19. 0-0-0 Qc7 20. Nf3 Qb7 21. b3 Rfc8 22. Nd5 cxb3 23. axb3 Qxb3 24. Qd3 Bxd5 25. exd5 0-1

[Event "Sala de Conferencias IPASM op 1er"]
[Site "Venezuela"]
[Date "2015.05.15"]
[Round "2.6"]
[White "Noriega Latorraca, Samuel Jose"]
[Black "Velasquez Guerra, Eduardo Luis"]
[Result "0-1"]
[WhiteElo "1516"]
[BlackElo "1981"]
[PlyCount "51"]
[EventDate "2015.05.14"]
[EventType "swiss"]
[EventRounds "7"]
[EventCountry "VEN"]
[SourceTitle "EXT 2022"]
[Source "ChessBase"]
[SourceDate "2021.10.06"]
[SourceVersion "1"]
[SourceVersionDate "2021.10.06"]
[SourceQuality "1"]

1. d4 d5 2. c4 c6 3. Nc3 Nf6 4. Nf3 e6 5. Bg5 h6 6. Bh4 dxc4 7. e4 g5 8. Bg3 b5 9. a4 Bb4 10. Qc2 g4 11. Nd2 Qxd4 12. axb5 cxb5 13. Nxb5 Qxd2+ 14. Qxd2 Bxd2+ 15. Kxd2 Nxe4+ 16. Ke3 Nxg3 17. hxg3 Kd8 18. Rd1+ Bd7 19. Nd6 Ke7 20. Bxc4 Nc6 21. Rh4 h5 22. Ne4 Ne5 23. Bb3 Rab8 24. Nc5 Bc6 25. Ra1 Kd6 26. Rc1 0-1

[Event "Cumana Vergara Sequera Memorial"]
[Site "Cumana"]
[Date "2014.09.25"]
[Round "3.5"]
[White "Velasquez Guerra, Eduardo Luis"]
[Black "Mancilla Angarita, Juvenal"]
[Result "0-1"]
[WhiteElo "1953"]
[BlackElo "1964"]
[PlyCount "60"]
[EventDate "2014.09.24"]
[EventType "tourn"]
[EventRounds "9"]
[EventCountry "VEN"]
[SourceTitle "EXT 2018"]
[Source "ChessBase"]
[SourceDate "2017.10.13"]
[SourceVersion "1"]
[SourceVersionDate "2017.10.13"]
[SourceQuality "1"]

1. e4 c5 2. Nf3 e6 3. d4 cxd4 4. Nxd4 Qb6 5. Nb3 Qc7 6. Bd3 Nf6 7. Nc3 a6 8. 0-0 d6 9. f4 Nbd7 10. Qf3 b5 11. g4 Nb6 12. g5 Nfd7 13. Be3 Bb7 14. Na5 Nc4 15. Nxb7 Nxe3 16. Nxd6+ Bxd6 17. e5 Qa7 18. exd6 Nxf1+ 19. Kxf1 g6 20. Ne4 h6 21. Kg2 hxg5 22. Nxg5 Rc8 23. Re1 Nc5 24. Bxg6 fxg6 25. Qg4 Kf8 26. c3 Re8 27. b4 Nd3 28. Re2 Qb7+ 29. Kg3 Qh1 30. Nf3 Qf1 0-1

[Event "Cumana Feria de Santa Ines 1st"]
[Site "Cumana"]
[Date "2014.01.10"]
[Round "2"]
[White "Velasquez Guerra, Eduardo Luis"]
[Black "Quiroga, Walter Gonzalo"]
[Result "1-0"]
[WhiteElo "1931"]
[BlackElo "1580"]
[PlyCount "39"]
[EventDate "2014.01.09"]
[EventType "swiss"]
[EventRounds "7"]
[EventCountry "VEN"]
[SourceTitle "EXT 2015"]
[Source "ChessBase"]
[SourceDate "2014.11.20"]
[SourceVersion "1"]
[SourceVersionDate "2014.11.20"]
[SourceQuality "1"]

1. e4 c5 2. Nf3 d6 3. d4 cxd4 4. Nxd4 Nf6 5. Nc3 g6 6. Be3 Bg7 7. f3 Nc6 8. Qd2 Bd7 9. g4 Rc8 10. h4 h5 11. g5 Nh7 12. Nxc6 bxc6 13. Bd4 f6 14. gxf6 Nxf6 15. Rg1 c5 16. Be3 Kf7 17. Qg2 Qe8 18. Bc4+ e6 19. Qxg6+ Kf8 20. 0-0-0 1-0